Zeitschrift für Physik. A, Atomic nuclei.

Bibliographic Details
New Title:Zeitschrift für Physik. A, Hadrons and nuclei
Previous Title:Zeitschrift für Physik. A: Atoms and nuclei
Corporate Author: Deutsche Physikalische Gesellschaft
Format: Journal
Language:English
Published: Berlin ; New York : Springer-Verlag, 1985-1990.
Subjects:
Online Availability: Check for online availability

MARC

Tag First Indicator Second Indicator Subfields
LEADER 00000cas a2200000 a 4500
001 in00000010961
005 20151007051946.0
008 860417d19861990gw mnzp |||| 0uuub0eng d
010 |a sn 86022534  
022 |a 0930-1151  |9 0340-2193 
030 |a ZAANEE 
035 |a (OCoLC)13449373 
035 |9 AAA5628AM 
040 |a ISM  |c ISM  |d HUL  |d NST  |d NSD  |d NYG  |d NST  |d m/c  |d NSD  |d UtOrBLW 
042 |a lcd  |a nsdp 
049 |a TXAE 
050 4 |a QC1  |b .Z482 
222 0 |a Zeitschrift für Physik. A, Atomic nuclei 
245 0 0 |a Zeitschrift für Physik.  |n A,  |p Atomic nuclei. 
246 1 0 |a Atomic nuclei 
264 1 |a Berlin ;  |a New York :  |b Springer-Verlag,  |c 1985-1990. 
300 |a 15 volumes :  |b illustrations ;  |c 28 cm. 
310 |a Twelve issues yearly 
336 |a text  |b txt  |2 rdacontent 
337 |a unmediated  |b n  |2 rdamedia 
338 |a volume  |b nc  |2 rdacarrier 
362 0 |a Vol. 323, no. 1-v. 337, no. 4 (1990). 
510 0 |a Computer & control abstracts x 0036-8113  |b 1986- 
510 0 |a Electrical & electronics abstracts x 0036-8105  |b 1986- 
510 0 |a Physics abstracts x 0036-8091  |b 1986- 
510 0 |a Chemical abstracts x 0009-2258  |b 1986-1990 
550 |a Issued in cooperation with: Deutsche Physikalische Gesellschaft. 
650 0 |a Nuclear physics  |v Periodicals. 
710 2 |a Deutsche Physikalische Gesellschaft. 
780 0 0 |t Zeitschrift für Physik. A: Atoms and nuclei  |x 0340-2193 (DLC) 75645502 (OCoLC)2242473 
785 0 0 |t Zeitschrift für Physik. A, Hadrons and nuclei  |w (OCoLC)23089680 
948 |a t3 
999 |a MARS 
999 f f |s 42c2c098-5752-3946-b370-963737be125f  |i 2eedc2cd-d27b-32ce-9613-3798c296ba37  |t 0 
952 f f |p ric  |a Texas A&M University  |b Rellis Campus  |c Joint Library Facility  |d Remote Storage  |t 0  |e QC1 .Z482  |h Library of Congress classification  |i unmediated -- volume  |k v.323-324  |l 1986  |m A14811320884 
952 f f |p ric  |a Texas A&M University  |b Rellis Campus  |c Joint Library Facility  |d Remote Storage  |t 0  |e QC1 .Z482  |h Library of Congress classification  |i unmediated -- volume  |k v.336  |l 1990  |m A14842437049 
952 f f |p ric  |a Texas A&M University  |b Rellis Campus  |c Joint Library Facility  |d Remote Storage  |t 0  |e QC1 .Z482  |h Library of Congress classification  |i unmediated -- volume  |k v.328  |l 1987  |m A14842436876 
952 f f |p ric  |a Texas A&M University  |b Rellis Campus  |c Joint Library Facility  |d Remote Storage  |t 0  |e QC1 .Z482  |h Library of Congress classification  |i unmediated -- volume  |k v.327  |l 1987  |m A14842436868 
952 f f |p ric  |a Texas A&M University  |b Rellis Campus  |c Joint Library Facility  |d Remote Storage  |t 0  |e QC1 .Z482  |h Library of Congress classification  |i unmediated -- volume  |k v.331  |l 1988  |m A14842436991 
952 f f |p ric  |a Texas A&M University  |b Rellis Campus  |c Joint Library Facility  |d Remote Storage  |t 0  |e QC1 .Z482  |h Library of Congress classification  |i unmediated -- volume  |k v.334  |l 1989  |m A14842437023 
952 f f |p ric  |a Texas A&M University  |b Rellis Campus  |c Joint Library Facility  |d Remote Storage  |t 0  |e QC1 .Z482  |h Library of Congress classification  |i unmediated -- volume  |k v.337  |l 1990  |m A14842437056 
952 f f |p ric  |a Texas A&M University  |b Rellis Campus  |c Joint Library Facility  |d Remote Storage  |t 0  |e QC1 .Z482  |h Library of Congress classification  |i unmediated -- volume  |k v.326  |l 1987  |m A14842436850 
952 f f |p ric  |a Texas A&M University  |b Rellis Campus  |c Joint Library Facility  |d Remote Storage  |t 0  |e QC1 .Z482  |h Library of Congress classification  |i unmediated -- volume  |k v.335  |l 1990  |m A14842437031 
952 f f |p ric  |a Texas A&M University  |b Rellis Campus  |c Joint Library Facility  |d Remote Storage  |t 0  |e QC1 .Z482  |h Library of Congress classification  |i unmediated -- volume  |k v.325  |l 1986  |m A14830102083 
952 f f |p ric  |a Texas A&M University  |b Rellis Campus  |c Joint Library Facility  |d Remote Storage  |t 0  |e QC1 .Z482  |h Library of Congress classification  |i unmediated -- volume  |k v.333  |l 1989  |m A14842437015 
952 f f |p ric  |a Texas A&M University  |b Rellis Campus  |c Joint Library Facility  |d Remote Storage  |t 0  |e QC1 .Z482  |h Library of Congress classification  |i unmediated -- volume  |k v.329  |l 1987  |m A14842436975 
952 f f |p ric  |a Texas A&M University  |b Rellis Campus  |c Joint Library Facility  |d Remote Storage  |t 0  |e QC1 .Z482  |h Library of Congress classification  |i unmediated -- volume  |k v.330  |l 1988  |m A14842436983 
952 f f |p ric  |a Texas A&M University  |b Rellis Campus  |c Joint Library Facility  |d Remote Storage  |t 0  |e QC1 .Z482  |h Library of Congress classification  |i unmediated -- volume  |k v.332  |l 1989  |m A14842437007 
998 f f |a QC1 .Z482  |s v.323-337 (1986-1990)  |t 0  |l Remote Storage